Discursos leídos ante la Real Academia de la Historia, en la recepción pública de Don Tomás Muñoz y Romero, el día 5 de febrero de 1860 : (Record no. 23689)

MARC details
000 -LEADER
campo de control de longitud fija 01618nam a2200301 i 4500
001 - NÚMERO DE CONTROL
campo de control 23689
003 - IDENTIFICADOR DE NÚMERO DE CONTROL
campo de control ES-MaACL
005 - FECHA Y HORA DE LA ÚLTIMA TRANSACCIÓN
campo de control 20250911063528.0
007 - CAMPO FIJO DE DESCRIPCIÓN FÍSICA--INFORMACIÓN GENERAL
campo de control de longitud fija t|
008 - DATOS DE LONGITUD FIJA--INFORMACIÓN GENERAL
campo de control de longitud fija 021212s1860 sp |||| | spa d
080 ## - NÚMERO DE LA CLASIFICACIÓN DECIMAL UNIVERSAL
Número de la Clasificación Decimal Universal 94(460)"0711/1492"
080 ## - NÚMERO DE LA CLASIFICACIÓN DECIMAL UNIVERSAL
Número de la Clasificación Decimal Universal 314(460)"04/14"
100 1# - ENTRADA PRINCIPAL--NOMBRE DE PERSONA
Nombre de persona Muñoz y Romero, Tomás,
Fechas asociadas al nombre 1814-1867
9 (RLIN) 84519
245 10 - MENCIÓN DEL TÍTULO
Título Discursos leídos ante la Real Academia de la Historia, en la recepción pública de Don Tomás Muñoz y Romero, el día 5 de febrero de 1860 :
Resto del título [tema: Sobre el origen de la población de los reinos cristianos de la península, el estado de las tierras, la condición social de las clases inferiores, la nobleza y las instituciones generales y locales].
260 ## - PUBLICACIÓN, DISTRIBUCIÓN, ETC.
Lugar de publicación, distribución, etc. Madrid :
Nombre del editor, distribuidor, etc. [s.n.],
Fecha de publicación, distribución, etc. 1860 (
Fabricante Imp. y Estereotipia de M. Rivadeneyra)
300 ## - DESCRIPCIÓN FÍSICA
Extensión 98 p. ;
Dimensiones 24 cm.
500 ## - NOTA GENERAL
Nota general Recoge el discurso de Tomás Muñoz y Romero y la contestación de José Amador de los Ríos.
530 ## - NOTA DISPONIBLE DE FORMULARIO FÍSICO ADICIONAL
Nota de formato físico adicional disponible Disponible en formato digital.
651 #4 - PUNTO DE ACCESO ADICIONAL DE MATERIA--NOMBRE GEOGRÁFICO
Nombre geográfico España-
Subdivisión general Historia-
Subdivisión cronológica 0711-1492, Reconquista.
9 (RLIN) 8217
651 #4 - PUNTO DE ACCESO ADICIONAL DE MATERIA--NOMBRE GEOGRÁFICO
Nombre geográfico España-
Subdivisión general Población-
Subdivisión cronológica S.V-XV.
9 (RLIN) 153908
700 1# - ENTRADA AGREGADA--NOMBRE PERSONAL
Nombre de persona Amador de los Ríos, José,
Fechas asociadas al nombre 1818-1878
9 (RLIN) 21088
710 2# - ENTRADA AGREGADA--NOMBRE DE ENTIDAD CORPORATIVA
Nombre de entidad corporativa o nombre de jurisdicción como elemento de entrada Real Academia de la Historia (España)
9 (RLIN) 6309
852 4# - LOCALIZACIÓN
Ubicación ES-MaACL
Número de control de estantería T-54-F-2
Nota libre - Enc. hol., falto de cub. original
-- - Enc. en un vol. facticio
852 4# - LOCALIZACIÓN
Ubicación ES-MaACL
Número de control de estantería F-M-III-G-H (II)
Nota libre - Enc. pasta española, falto de cub. original
-- - Enc. en un vol. facticio
852 4# - LOCALIZACIÓN
Ubicación ES-MaACL
Número de control de estantería T-54-F-12
856 4# - LOCALIZACIÓN Y ACCESO ELECTRÓNICOS
Identificador Uniforme de Recursos <a href="http://bdh-rd.bne.es/viewer.vm?id=0000111514&page=1 ">http://bdh-rd.bne.es/viewer.vm?id=0000111514&page=1 </a>
Nota pública Biblioteca Digital Hispánica
Holdings
Estatus retirado Estado de pérdida Estado de daño No para préstamo Colección Biblioteca de origen Biblioteca actual Ubicación en estantería Fecha de adquisición Fuente de adquisición Total de préstamos Signatura topográfica completa Código de barras Visto por última vez Precio de reemplazo Tipo de ítem Koha
        Colección de folletos Biblioteca del Ateneo de Madrid Biblioteca del Ateneo de Madrid Depósito folletos 29/11/2013     T-54-F-12 1192219 23/02/2023 23/02/2023 Folleto
        Colección de folletos Biblioteca del Ateneo de Madrid Biblioteca del Ateneo de Madrid Depósito folletos 17/01/2008     T-54-F-2 1024412 23/02/2023 23/02/2023 Folleto
        Colección digital Biblioteca del Ateneo de Madrid Biblioteca del Ateneo de Madrid Administración 29/11/2013     F-M-III-G-H (II) 1192217 23/02/2023 23/02/2023 Libro impreso antiguo